INVESTMENT BANKS HEDGE FUNDS AND PRIVATE (Record no. 38308)

MARC details
000 -LEADER
fixed length control field 00264nam a2200109Ia 4500
008 - FIXED-LENGTH DATA ELEMENTS--GENERAL INFORMATION
fixed length control field 240625s9999 xx 000 0 und d
041 ## - LANGUAGE CODE
Language code of text/sound track or separate title eng
082 ## - DEWEY DECIMAL CLASSIFICATION NUMBER
Classification number 332.1 STO
100 ## - MAIN ENTRY--PERSONAL NAME
Personal name STOWELL DAVIS P
245 ## - TITLE STATEMENT
Title INVESTMENT BANKS HEDGE FUNDS AND PRIVATE
260 ## - PUBLICATION, DISTRIBUTION, ETC.
Date of publication, distribution, etc. 2014
Holdings
Withdrawn status Lost status Damaged status Not for loan Home library Current library Shelving location Date acquired Source of acquisition Full call number Barcode Date last seen Price effective from Koha item type
        IMTN IMTN Rack 9-B 08/30/2016 32917 332.1 STO BB226 06/25/2024 06/25/2024 Book Bank
Designed & Maintained by: LRC IMT Nagpur Contact: lrc@imtnag.ac.in© 2024. All Rights Reserved.